00303nam a2200109Ia 4500008004000000020001800040082001800058100002000076245005400096260003500150300000800185210210b2004 xxu||||| |||| 00| 0 eng d a81 8054 067 7 a510.2465 AGGB aAGGARWAL (B M). aBusiness mathematics and statistics fundamentals. aN DbSultan Chand & Sonsc2004 a808